लोड हो रहा है...

Synthetic dyes /

ग्रंथसूची विवरण
मुख्य लेखक: Chatwal, Gurdeep R.
स्वरूप: Printed Book
प्रकाशित: Bombay : Himalaya , 1988.
संस्करण:Ed.2 / .
विषय:
LEADER 00582cam a2200205ua 4500
008 051209s1988 g b000 u Eng u
020 |c R 45 
044 |a   
082 1 4 |a 667.25 M8 
100 1 |a Chatwal, Gurdeep R. 
245 0 0 |a Synthetic dyes /   |h Textual Documents 
250 |a Ed.2 / . 
260 |a Bombay : Himalaya ,   |c 1988. 
300 |a  ;  
365 |a R 45 
650 0 |a Dyeing 
650 0 |a Pigments 
942 |c BK 
999 |c 103927  |d 103927 
952 |0 0  |1 0  |4 0  |6 667_250000000000000_M8  |7 0  |9 98564  |a SCS  |b SCS  |d 2014-06-26  |h R 45  |l 0  |o 667.25 M8  |p SCS01485  |r 2014-06-26  |w 2014-06-26  |y BK